UBT Library

Elementët e gazetarisë : (Record no. 1085)

000 -LEADER
fixed length control field 00596nam a22001937a 4500
008 - FIXED-LENGTH DATA ELEMENTS--GENERAL INFORMATION
fixed length control field 150701b xxu||||| |||| 00| 0 alb d
020 ## - INTERNATIONAL STANDARD BOOK NUMBER
International Standard Book Number 9789995677503
041 0# - LANGUAGE CODE
Language code of text/sound track or separate title alb
080 ## - UNIVERSAL DECIMAL CLASSIFICATION NUMBER
Universal Decimal Classification number 070.1
100 ## - Rafti
Rafti Kovach, Bill; Rosenstiel, Tom;
245 ## - TITLE STATEMENT
Title Elementët e gazetarisë :
Statement of responsibility, etc Bill Kovach; Tom Rosenstiel;
260 ## -
-- Tiranë :
-- ISHM,
-- 2009.
300 ## -
-- 295 f. ;
-- 21 cm.
650 #0 -
-- Masmedia
650 #0 -
-- Gazetaria
650 #0 -
-- Etika e gazetarisë
650 #0 -
-- Liria e fjalës
942 ## - ADDED ENTRY ELEMENTS (KOHA)
Source of classification or shelving scheme
Item type Books
Holdings
Withdrawn status Lost status Source of classification or shelving scheme Damaged status Not for loan Collection code Permanent location Current location Shelving location Date acquired Total Checkouts Full call number Date last seen Price effective from Koha item type
          Koleksioni i përgjithshem UBT - Prishtine UBT - Prishtine Koleksioni i përgjithshem 07/01/2015   070.1 KOV 07/01/2015 07/01/2015 Books
UBT Library © 2015-2024. All rights reserved University Education for Business and Technology